Normal view
MARC view
- المعوقون- فقه اسلامي- المعوقون- احوال اجتماعية- المكفوفون- رعاية- الاحكام الشرعية
Entry Topical Term
001 - CONTROL NUMBER
- control field: 45007
003 - CONTROL NUMBER IDENTIFIER
- control field: JO-AjAnu
005 - DATE AND TIME OF LATEST TRANSACTION
- control field: 20230606081440.0
008 - FIXED-LENGTH DATA ELEMENTS
- fixed length control field: 230606|| aca||aabn | a|a d
040 ## - CATALOGING SOURCE
- Original cataloging agency: JO-AjAnu
- Transcribing agency: JO-AjAnu
150 ## - HEADING--TOPICAL TERM
- Topical term or geographic name entry element: المعوقون- فقه اسلامي- المعوقون- احوال اجتماعية- المكفوفون- رعاية- الاحكام الشرعية
670 ## - SOURCE DATA FOUND
- Source citation: Work cat.: (JO-AjAnu)23046: القضاة، أحمد مصطفى, author 45006, أحكام المعوقين في الشريعة الإسلامية (أحكام العميان)